000 01212naa a22003017a 4500
001 BR6800167
003 BR-BrBNA
005 20240918173319.0
007 ta
008 230509b bl.||||| |||| 00| 0 por d
040 _aBR-BrBNA
_bpor
_cBiblioteca Nacional de Agricultura
041 _a(Pt)
072 _aM00
_b8150
_bG514
090 _aM00 BR6800167
100 1 _aBarcelos, B.N.
100 1 _aCabrera, C.C.
111 1 _a8. Reuniao Nacional de Tecnicos em Pesquisas sobre Pesca
_cRio de Janeiro, GB (Brazil)
_d7 Oct 1968
245 1 _aNota previa sobre pesquisas de concentracao de cardumes de enchovas (Pomatomus saltatrix)por prospeccao aerea nas costas do Rio Grande do Sul [Brasil]
260 3 _aRio de Janeiro, GB (Brasil):
_c1968.
500 _a8. Reuniao Nacional de Tecnicos em Pesquisas sobre Pesca. Documento final Rio de Janeiro, GB (Brasil): 1968. vp. (BR6800167-AM)M00
650 _aPesca
650 _aPeixe marinho
650 _aEnchova
650 _aRio Grande do Sul
773 0 _t8. Reuniao Nacional de Tecnicos em Pesquisas sobre Pesca. Documento final
_wM00 BR6800167
_gRio de Janeiro, GB (Brasil), 1968. vp.
909 _a202404
_bLucia
_c55
_dLucia Elande
942 _cAM
_2AGRIS
999 _c303928
_d303928